| 000 | 00479cam a22002054a 4500 | ||
|---|---|---|---|
| 005 | 20250605164312.0 | ||
| 008 | 250528s ||||||||||||||||||||||||d | ||
| 035 | _a22528 | ||
| 020 | _a9780805375657 | ||
| 040 |
_aGR-AtMCL _bgre _dGR-AtMCL _eAACR2 |
||
| 245 | 1 | _aA PRACTICAL GUIDE TO THE UNIX SYSTEM | |
| 250 | _a3 | ||
| 260 | _c1995 | ||
| 300 | _a800 | ||
| 700 | 1 |
_aBenjamin _98324 |
|
| 700 | 1 |
_aSobell Mark G _94496 |
|
| 942 | _cBK | ||
| 999 |
_c7577 _d7577 |
||